000 00432nam a2200157 a 4500
005 20140412111422.0
008 080122s19uu xx 00 eng d
020 _a81-7301-611-9
050 _aTR(GS E
_bMo86 2006
100 _aPrakash, Ved
245 _aMove Over. vol.12 /
_cVed Prakash.
260 _aIndia :
_bDreamland Publications.
300 _a24p.
440 _aCharacter-Building stories for children
999 _c106050
_d106050